00643nam a2200205Ia 4500003000900000008004100009020001800050040001600068080001600084245009100100260004600191300001500237490002500252650004100277650000900318700002700327700002600354700003000380700002700410IN-BaIIA211028s9999 xx 000 0 eng d a0-8165-1257-4 cIIA Library a523.43bMAR 0aMarscedited by Hugh H. Kieffer…[et al.]  aTucsonbUniversity of Arizona Pressc1992 axv, 1498p. aSpace science series aAstronomy and astrophysics thesaurus aMars aJakosky, Bruce M., ed. aKieffer, Hugh H., ed. aMatthews, Mildred S., ed. aSnyder, Conway W., ed.